000 00284nam a2200109Ia 4500
008 220204s9999 xx 000 0 und d
082 _a037
_bBAC
100 _aBacon, Francis
245 0 _aAdvancement of learning: Novum organum
260 _aChicago
_bWilliam Benton
_c1952
942 _cBK
999 _c36157
_d36157